Thug Story - Taylor Swift (All Lyrics) - Statistics

General Stats
  • This quiz has been taken 12 times
  • The average score is 186 of 220
Answer Stats
Lyrics % Correct
a
100%
at
100%
baking
100%
been
100%
blonde
100%
but
100%
By
100%
can
100%
caramel
100%
club
100%
cookies
100%
delights
100%
eight
100%
find
100%
floor
100%
fo',
100%
foot
100%
hair
100%
hardcore
100%
I
100%
I'm
100%
"I'm
100%
in
100%
It's
100%
it's
100%
like
100%
live
100%
me
100%
me,
100%
my
100%
never
100%
night
100%
night,
100%
on
100%
parents,
100%
rap
100%
rapping
100%
really
100%
same
100%
Still
100%
still
100%
story,
100%
that?
100%
the
100%
thug
100%
to
100%
yo,
100%
yo
100%
You
100%
you
100%
about
89%
and
89%
clubbing,
89%
gun,
89%
handle
89%
just
89%
made
89%
No,
89%
no,
89%
out
89%
so
89%
tell
89%
thought
89%
T-Pain
89%
track
89%
T-Swizzle
89%
(T-Swizzle),
89%
who
89%
with
89%
ain't
78%
diamonds
78%
dream
78%
dreamed
78%
got
78%
had
78%
last
78%
make
78%
mic
78%
shorty,
78%
boat",
67%
'Cause
67%
don't
67%
Don't
67%
gangster,
67%
Hey,
67%
hey
67%
high
67%
mouth,
67%
Nikes
67%
oh
67%
rapper,
67%
singer
67%
Singer
67%
singing,
67%
Straight
67%
tee
67%
time
67%
top
67%
top,
67%
T-Swift
67%
turned
67%
was
67%
What?
67%
white
67%
woah,
67%
woke,
67%
ya
67%
extra
56%
fight
56%
knit
56%
now
56%
shorties
56%
small
56%
sweaters,
56%
test
56%
T-Pizzle
56%
(T-Pizzle)
56%
(Uh
56%
wanna
56%
all
44%
are
44%
call
44%
'em
44%
get
44%
huh)
44%
(Mmm,
44%
mmm,
44%
star
44%
(Beep)
33%
take
33%
T-Sweezy,
33%
up
33%
good)
22%
No matching quizzes found
Score Distribution
Percent of People with Each Score
Percentile by Number Answered
Your Score History
You have not taken this quiz